Cariotipos con banda G del género Cebus (Registro nro. 10967)

Detalles MARC
000 -CABECERA
Campo de control 009270000a22003250004500
090 ## - CLASIFICACIÓN LOCAL
Colección AR
Consecutivo 01890
041 0# - IDIOMA
Código de idioma para texto/pista de sonido o título separado
100 1# - ASIENTO PRINCIPAL--NOMBRE PERSONAL
Nombre personal Grot de R., Helena
245 10 - MENCION DE TITULO
Título Cariotipos con banda G del género Cebus
650 14 - ASIENTO SECUNDARIO DE MATERIA - TERMINO TEMATICO
Término temático o nombre geográfico como elemento de entrada Citogenética
650 14 - ASIENTO SECUNDARIO DE MATERIA - TERMINO TEMATICO
Término temático o nombre geográfico como elemento de entrada Evolución
650 14 - ASIENTO SECUNDARIO DE MATERIA - TERMINO TEMATICO
Término temático o nombre geográfico como elemento de entrada Primates
650 14 - ASIENTO SECUNDARIO DE MATERIA - TERMINO TEMATICO
Término temático o nombre geográfico como elemento de entrada Sistemática animal
651 #4 - ASIENTO SECUNDARIO DE MATERIA - NOMBRE GEOGRAFICO
-- Colombia
651 #4 - ASIENTO SECUNDARIO DE MATERIA - NOMBRE GEOGRAFICO
-- Perú
651 #4 - ASIENTO SECUNDARIO DE MATERIA - NOMBRE GEOGRAFICO
-- Ecuador
651 #4 - ASIENTO SECUNDARIO DE MATERIA - NOMBRE GEOGRAFICO
-- Paraguay
651 #4 - ASIENTO SECUNDARIO DE MATERIA - NOMBRE GEOGRAFICO
-- Bolivia
651 #4 - ASIENTO SECUNDARIO DE MATERIA - NOMBRE GEOGRAFICO
-- Venezuela
-- Guyanas
651 #4 - ASIENTO SECUNDARIO DE MATERIA - NOMBRE GEOGRAFICO
-- Brasil
653 ## - TERMINO DE INDIZACION - NO CONTROLADO
-- Cebus
-- Cebus capucinus
653 ## - TERMINO DE INDIZACION - NO CONTROLADO
-- Cebus
-- Cebus albifrons
653 ## - TERMINO DE INDIZACION - NO CONTROLADO
-- Cebus
-- Cebus apella
700 1# - ASIENTO SECUNDARIO - NOMBRE PERSONAL
Nombre personal Nieto, Dalia
700 1# - ASIENTO SECUNDARIO - NOMBRE PERSONAL
Nombre personal Sicardi, Diana
700 1# - ASIENTO SECUNDARIO - NOMBRE PERSONAL
Nombre personal Espinel, Alvaro
700 1# - ASIENTO SECUNDARIO - NOMBRE PERSONAL
Nombre personal Angulo, Pilar
773 1# - Item fuente:
Título Bol. Primatol. Lat.
Especificación de materiales 631
Descripción física 1
Paginas del Articulo 46-59
Lugar, editorial y fecha de publicación 1992
Información sobre la relación 3
942 ## - ELEMENTOS ADICIONALES (KOHA)
Tipo de ítem Artículo
Existencias
Withdrawn status Lost status Damaged status No para préstamo Colección Ubicación Permanente Ubicación actual Fecha de adquisición Fuente de Valor Datos de publicación Seriada Total Checkouts Número topográfico Inventario / Código de Barras Date last seen Ejemplar Price effective from Forma de adquisición Tipo de material
      No para Préstamo Hemeroteca Bogotá Bogotá 27/02/2015 Fernández, Fernando Fuera de circulación   AR 01890 012258 25/03/2015 1 25/03/2015   Artículo